000 00447nam a22001697a 4500
999 _c6028
_d6028
003 GBCCL
005 20241126110554.0
008 180420b ||||| |||| 00| 0 eng d
040 _cgbc
082 _a248.24
_bBAX
100 _aBaxter, Richard
_910871
245 _aCall to the unconverted /
_cRichard Baxter
260 _aMichigan:
_bSovereign Grace Publishers,
_c1971
300 _a30 p.;
_c21 cm.
650 _aConversion
_96579
942 _2ddc
_cBK